| 000 | 01025nmm a2200289 a 4500 | ||
|---|---|---|---|
| 001 | ocm000785790 | ||
| 003 | TR-IsHL | ||
| 005 | 20201028143404.0 | ||
| 008 | 140410s2014 tu eng | ||
| 007 | cr cn | ||
| 020 | _a9781312051867 | ||
| 035 |
_a785790 _b(N$T) |
||
| 050 | 0 | 4 |
_aDS102.95 _b.H37 2014 |
| 090 | 0 | 4 |
_aDS102.95 _b.H37 2014 |
| 100 | 1 | _aHarris, Maurice H. | |
| 245 | 1 | 0 |
_aA thousand years of Jewish history: "from the days of Alexander the Great to the moslem conquest of Spain" _h[electronic resource] / _cMaurice H. Harris |
| 260 |
_aİstanbul : _bE-Kitap Projesi, _c2014 |
||
| 300 | _a175 p. | ||
| 650 | 4 | _aTarih | |
| 650 | 4 | _aHistory | |
| 650 | 0 |
_aOrthodox Judaism _xIsrael _xControversial literature |
|
| 650 | 0 |
_aZionism _xControversial literature |
|
| 650 | 0 |
_aPalestinian Arabs _xIsrael |
|
| 650 | 0 |
_aIsrael _xPolitics and government |
|
| 650 | 7 |
_aRELIGION / Judaism / General _2bisacsh |
|
| 856 | 4 | 0 | _uhttp://search.ebscohost.com/login.aspx?direct=true&scope=site&db=e011xww&AN=785790 |
| 999 |
_c8872 _d8872 |
||